000 00976 a2200265 4500
005 20240919110623.0
008 131021s2003 sp a br|||| 00| 0 spa d
020 _a84241802919
040 _aCO-BoUCM
_bspa
_cJose A. Gerena
_dJose A. Gerena
041 0 0 _aspa
100 1 _aLópez Soria, Marisa
_948537
245 1 4 _aLos colores de Mateo
_cMarisa López Soria ; ilustracioens de katarzyna Rogowics
250 _a2a Ed
260 _c2003
_bEverest
_aLeón (Castilla y León, España)
300 _a58 páginas
_bilustraciones a color
490 _aMontaña encantada
650 7 _911153
_aColores
_xLiteratura infantil
650 7 _918524
_aLibros y lectura para niños
650 7 _918684
_aLiteratura infantil española
650 7 _937305
_aCuentos ilustrados para niños
690 _aLiteratura europea
_926524
700 1 _aRogowics, Tatarzyna
_eilustrador
_948538
942 _a18
_cLIBRO
_e2
_mL864c
_2DEWEY
_h868.64
_n0
999 _c182530
_d182530